Postacie II wojny światowej według zdjęcia - Statystyki

Ogólne statystyki
  • Ten quiz został rozwiązany 12 razy
  • Średni wynik to 6 z 16
Statystyki odpowiedzi
Obrazkowy Odpowiedź % Poprawnych
Adolf Hitler
100%
Józef Stalin
80%
Winston Churchill
80%
Hirohito
70%
Benito Mussolini
50%
Charles de Gaulle
50%
Franklin D. Roosevelt
50%
Erwin Rommel
40%
Philippe Pétain
30%
Hermann Göring
20%
Bernard Montgomery
10%
Douglas MacArthur
10%
Dwight D. Eisenhower
10%
Chiang Kai-shek
0%
Georgy Zhukov
0%
Hideki Tojo
0%
Nie znaleziono quizów pasujących do podanych kryteriów
Rozkład punktacji
Procent ludzi z każdym wynikiem
Percentyl według liczby udzielonych odpowiedzi
Twoja historia wyników
Nie rozwiązałeś tego quizu